000 01803nam a2200373 a 4500
999 _c160220
_d160220
003 BLK
005 20250429143516.0
008 180410b bul|||||r ||||||| ||bul||
010 _aKNG00167426000
040 _aBLK
041 _aBUL
_aFRE
_cBUL
072 7 _2bullib
_aК
_xКраезнание
080 _aТърговия. Международни икономически отношения. Световно стопанство
_b339
_x(497.2)(059)
_z339(497.2)(059)
100 1 _9122792
_aСписаревски, Константин Добрев
_eавт. на том
139 _aМеждународен търговско-индустриален алманах на Царство България
_bМ 45
245 1 0 _aМеждународен търговско-индустриален алманах на Царство България
_bГ. 1 - 3
_nГ. 1 / К. Д. Списаревски, Рачо П. Косев.
246 _aAnnuaire du commerce et de l'industrie du Royaume de Bulgarie
257 _aBGR
260 _aСофия
_bИзд. авт.
_c1909
_fСофия : печ. Вечерна поща
300 _a262, 968, 272, 643, LVI с., 5 л.
_bпортр.
_c37 см
380 _a3
500 _aПарал. текст и на фр ез.
650 0 _9245951
_aМеждународна търговия
650 0 _9318332
_aИндустрия - България
653 _aалманаси
700 1 _aКосев, Рачо Панайотов
_eсъавт. на том
_9334811
852 _aЦб 0.270.32354
_bЦб
852 _aК 33/М 45
_bК
856 4 _qpdf
_i0.00
_ldisable
856 4 _qpdf
_i0.00
_ldisable
942 _cKNG
_n0
_s1
_04
944 _aCR
_c19.11.2014
_lХристина Везирева
_k30535
944 _aED
_c2023-04-18
_kКети